[Event "Estadual-ch"]
[Site "Vitoria"]
[Date "2003.12.??"]
[Round "3"]
[White "Agdamus, Jose Luis"]
[Black "Souza Filho, Namyr Carlos"]
[Result "1-0"]
[WhiteElo "2284"]
[BlackElo "2100"]
[PlyCount "47"]
[EventDate "2003.12.06"]
[EventType "swiss"]
[EventRounds "8"]
[EventCountry "BRA"]
[SourceTitle "EXT 2022"]
[Source "ChessBase"]
[SourceDate "2021.10.06"]
[SourceVersion "1"]
[SourceVersionDate "2021.10.06"]
[SourceQuality "1"]

1. d4 Nf6 2. c4 e6 3. Nc3 d5 4. Bg5 Be7 5. e3 0-0 6. cxd5 exd5 7. Bd3 Nbd7 8. Nge2 c6 9. Qc2 Re8 10. h3 Nf8 11. g4 g6 12. 0-0-0 Ne6 13. Bh4 c5 14. dxc5 a6 15. Kb1 Nxc5 16. Bxf6 Bxf6 17. Nxd5 Nxd3 18. Rxd3 Be5 19. f4 Bb8 20. Qc3 Re6 21. Nd4 Rd6 22. e4 b5 23. Nc6 Qh4 24. Nce7+ 1-0

[Event "Cachoeiro CEAX op 4th"]
[Site "Cachoeiro"]
[Date "2003.09.26"]
[Round "1"]
[White "Agdamus, Jose Luis"]
[Black "Lage, Sergio Correa Magal"]
[Result "1-0"]
[WhiteElo "2284"]
[BlackElo "1837"]
[PlyCount "75"]
[EventDate "2003.09.26"]
[EventType "swiss"]
[EventRounds "6"]
[EventCountry "BRA"]
[SourceTitle "EXT 2006"]
[Source "ChessBase"]
[SourceDate "2005.11.24"]
[SourceVersion "1"]
[SourceVersionDate "2005.11.24"]
[SourceQuality "1"]

1. d4 Nf6 2. c4 e6 3. Nc3 Bb4 4. e3 c5 5. Nge2 0-0 6. a3 cxd4 7. exd4 Be7 8. d5 exd5 9. cxd5 d6 10. Ng3 Re8 11. Be2 Nbd7 12. 0-0 b6 13. Be3 Bb7 14. f4 Bf8 15. Bf2 Rc8 16. Qd4 Nc5 17. Rad1 g6 18. f5 Bg7 19. fxg6 fxg6 20. Qf4 Rf8 21. Qd2 a6 22. b4 Ncd7 23. Bd4 Ne5 24. Bxe5 dxe5 25. Nge4 Nxe4 26. Rxf8+ Qxf8 27. Nxe4 Rd8 28. Ng5 Bh6 29. d6 Bxg5 30. Qxg5 e4 31. Bc4+ Kg7 32. d7 Qf6 33. Qe3 b5 34. Rf1 Qb2 35. Rf7+ Kh8 36. Qh6 Qd4+ 37. Kh1 Qd1+ 38. Bf1 1-0

[Event "BRA-ch sf"]
[Site "Vitoria"]
[Date "2003.09.06"]
[Round "4"]
[White "Barbosa, Hugo Costa"]
[Black "Agdamus, Jose Luis"]
[Result "0-1"]
[WhiteElo "1943"]
[BlackElo "2284"]
[PlyCount "97"]
[EventDate "2003.09.??"]
[EventType "swiss"]
[EventRounds "7"]
[EventCountry "BRA"]
[SourceTitle "EXT 2006"]
[Source "ChessBase"]
[SourceDate "2005.11.24"]
[SourceVersion "1"]
[SourceVersionDate "2005.11.24"]
[SourceQuality "1"]

1. e4 c5 2. Nf3 e6 3. d4 cxd4 4. Nxd4 Nf6 5. Nc3 Nc6 6. Ndb5 Bb4 7. a3 Bxc3+ 8. Nxc3 d5 9. exd5 exd5 10. Bd3 d4 11. Ne4 Nxe4 12. Bxe4 Bf5 13. Bxc6+ bxc6 14. Qe2+ Be6 15. 0-0 0-0 16. Rd1 Qb6 17. c3 dxc3 18. bxc3 Rfe8 19. Be3 Qa5 20. Qc2 Bf5 21. Qb3 Rab8 22. Qc4 Be4 23. Rd7 Bd5 24. Qc5 Rb5 25. Qd4 Qxa3 26. Rxa7 Qb3 27. h3 h6 28. Ra8 Rbb8 29. Rxb8 Rxb8 30. Bf4 Re8 31. Qd2 Qc4 32. Qd4 Qe2 33. Qd2 Qc4 34. Qd4 Qb3 35. Be3 Qc2 36. Rc1 Qg6 37. Qg4 Qxg4 38. hxg4 Re4 39. Rd1 Rxg4 40. g3 Ra4 41. Kf1 Bf3 42. Rd8+ Kh7 43. Bd2 Ra1+ 44. Be1 g5 45. Rd6 h5 46. Rf6 Bd5 47. Ke2 h4 48. gxh4 gxh4 49. Rf4 0-1

[Event "BRA CEAX op 2nd "]
[Site "Brazil"]
[Date "2003.07.05"]
[Round "2"]
[White "Agdamus, Jose Luis"]
[Black "Costa, Andre"]
[Result "1-0"]
[WhiteElo "2284"]
[BlackElo "1816"]
[PlyCount "43"]
[EventDate "2003.07.??"]
[EventType "swiss"]
[EventRounds "6"]
[EventCountry "BRA"]
[SourceTitle "EXT 2006"]
[Source "ChessBase"]
[SourceDate "2005.11.24"]
[SourceVersion "1"]
[SourceVersionDate "2005.11.24"]
[SourceQuality "1"]

1. d4 f5 2. g3 Nf6 3. Bg2 d5 4. Nh3 e6 5. 0-0 Be7 6. f3 0-0 7. Nf2 Bd7 8. Nd2 Be8 9. c3 Qd6 10. e4 fxe4 11. fxe4 e5 12. dxe5 Qxe5 13. Nd3 Qe6 14. e5 Nfd7 15. Nf4 Qb6+ 16. Kh1 c6 17. Qe2 Qa6 18. Qg4 Nc5 19. b4 Nd3 20. Qe6+ Rf7 21. Nxd3 Qxd3 22. Rxf7 1-0

[Event "BRA CEAX op 2nd "]
[Site "Brazil"]
[Date "2003.07.04"]
[Round "1"]
[White "Mascarenhas, Jose Ronaldo"]
[Black "Agdamus, Jose Luis"]
[Result "1/2-1/2"]
[WhiteElo "1815"]
[BlackElo "2284"]
[PlyCount "120"]
[EventDate "2003.07.??"]
[EventType "swiss"]
[EventRounds "6"]
[EventCountry "BRA"]
[SourceTitle "EXT 2006"]
[Source "ChessBase"]
[SourceDate "2005.11.24"]
[SourceVersion "1"]
[SourceVersionDate "2005.11.24"]
[SourceQuality "1"]

1. Nf3 d5 2. d4 Bf5 3. Bf4 c6 4. e3 Qb6 5. b3 e6 6. Bd3 Nf6 7. h3 Nbd7 8. 0-0 Be7 9. Bxf5 exf5 10. Qd3 Ne4 11. Nbd2 g5 12. Bh2 g4 13. hxg4 fxg4 14. Ne5 Nxe5 15. Bxe5 f6 16. Bf4 f5 17. c4 Qa6 18. Qc2 0-0 19. cxd5 Nxd2 20. Qxd2 cxd5 21. g3 Rac8 22. Kg2 Qe6 23. Qe2 Qe4+ 24. Kg1 a6 25. f3 gxf3 26. Qxf3 Rc2 27. Qxe4 fxe4 28. Rf2 Rfc8 29. Raf1 Kg7 30. Be5+ Kg6 31. Rf7 Bg5 32. Rxb7 Rxa2 33. Rg7+ Kh6 34. Rd7 Rcc2 35. g4 Rg2+ 36. Kh1 Rxg4 37. Bf4 Bxf4 38. exf4 Rh4+ 39. Kg1 Rhh2 40. Rd6+ Kh5 41. Rxd5+ Kh4 42. Rg5 e3 43. Rg7 h5 44. f5 Rhf2 45. f6 Rxf1+ 46. Kxf1 Rf2+ 47. Ke1 Rxf6 48. Ke2 Rb6 49. Kxe3 Rxb3+ 50. Kd2 Rb5 51. Kc3 Rg5 52. Rd7 Kg4 53. d5 h4 54. d6 h3 55. Rh7 Rd5 56. Rg7+ Kf3 57. Rf7+ Kg2 58. Rg7+ Kh1 59. d7 h2 60. Kc4 Rd2 1/2-1/2

[Event "Braganca Paulista JAI"]
[Site "Braganca Paulista"]
[Date "1996.10.??"]
[Round "2"]
[White "Slipak, Sergio"]
[Black "Agdamus, Jose Luis"]
[Result "1-0"]
[WhiteElo "2515"]
[BlackElo "2310"]
[PlyCount "99"]
[EventDate "1996.10.06"]
[EventType "team-swiss"]
[EventRounds "7"]
[EventCountry "BRA"]
[SourceTitle "EXT 2022"]
[Source "ChessBase"]
[SourceDate "2021.10.06"]
[SourceVersion "1"]
[SourceVersionDate "2021.10.06"]
[SourceQuality "1"]
[WhiteTeam "Campinas"]
[BlackTeam "Santos"]
[WhiteTeamCountry "BRA"]
[BlackTeamCountry "BRA"]

1. d4 d5 2. c4 e6 3. Nc3 c6 4. e3 Nf6 5. Nf3 Nbd7 6. Bd3 Bd6 7. e4 dxe4 8. Nxe4 Nxe4 9. Bxe4 Bb4+ 10. Bd2 Qa5 11. 0-0 Bxd2 12. Nxd2 0-0 13. Re1 Nf6 14. Bf3 Rd8 15. Qc2 Qc7 16. Nb3 Bd7 17. Rad1 Be8 18. Qc3 Rac8 19. g3 b6 20. h4 c5 21. dxc5 bxc5 22. Qa5 Rxd1 23. Rxd1 Qb6 24. Qe1 Ba4 25. Rd3 Qa6 26. Na5 Qb6 27. Qd2 e5 28. Rd6 Qc7 29. Bc6 Bxc6 30. Rxc6 Qb8 31. Qd6 Qxd6 32. Rxc8+ Qf8 33. Rxf8+ Kxf8 34. Nc6 a6 35. Nxe5 Ke7 36. f3 Ne8 37. Kf2 f6 38. Nd3 Kd6 39. Ke3 Nc7 40. Ke4 a5 41. g4 Ne6 42. Nf4 Nd4 43. Nh5 Ne6 44. b3 Ke7 45. Kd5 g6 46. Ng3 Nd4 47. f4 Nf3 48. h5 Nh2 49. hxg6 hxg6 50. g5 1-0

[Event "BRA-ch62 sf"]
[Site "Florianopolis"]
[Date "1995.06.??"]
[Round "7"]
[White "Agdamus, Jose Luis"]
[Black "Andrade, Roberto Luiz Costa"]
[Result "1-0"]
[WhiteElo "2285"]
[BlackElo "2235"]
[PlyCount "39"]
[EventDate "1995.06.02"]
[EventType "swiss"]
[EventRounds "9"]
[EventCountry "BRA"]
[SourceTitle "EXT 2022"]
[Source "ChessBase"]
[SourceDate "2021.10.06"]
[SourceVersion "1"]
[SourceVersionDate "2021.10.06"]
[SourceQuality "1"]

1. d4 Nf6 2. c4 c5 3. d5 b5 4. cxb5 a6 5. f3 e6 6. e4 exd5 7. exd5 d6 8. Nc3 Be7 9. bxa6 0-0 10. Bc4 Nxa6 11. Nge2 Nb4 12. 0-0 Bf5 13. Ng3 Bc8 14. a3 Ba6 15. Bxa6 Nxa6 16. Nf5 Re8 17. Nxe7+ Rxe7 18. Bg5 Rb7 19. Ne4 Rxb2 20. Qc1 1-0

[Event "BRA-ch62 sf"]
[Site "Florianopolis"]
[Date "1995.06.??"]
[Round "9"]
[White "Pelikian, Jefferson"]
[Black "Agdamus, Jose Luis"]
[Result "0-1"]
[WhiteElo "2335"]
[BlackElo "2285"]
[PlyCount "68"]
[EventDate "1995.06.02"]
[EventType "swiss"]
[EventRounds "9"]
[EventCountry "BRA"]
[SourceTitle "EXT 2022"]
[Source "ChessBase"]
[SourceDate "2021.10.06"]
[SourceVersion "1"]
[SourceVersionDate "2021.10.06"]
[SourceQuality "1"]

1. e4 d6 2. f4 Nf6 3. Nc3 e5 4. Nf3 Nbd7 5. d4 exd4 6. Nxd4 g6 7. Be2 Bg7 8. Nb3 0-0 9. 0-0 a5 10. a4 b6 11. Bf3 Bb7 12. Re1 Re8 13. Bd2 Nc5 14. Nxc5 bxc5 15. g4 h6 16. Kg2 Nd7 17. Qe2 g5 18. Rad1 gxf4 19. Bxf4 Ne5 20. Nd5 Bxd5 21. exd5 Qf6 22. Bxe5 Rxe5 23. Qf2 Qf4 24. b3 Rae8 25. Rxe5 Rxe5 26. Re1 Rxe1 27. Qxe1 Be5 28. Qxa5 Qxh2+ 29. Kf1 Bd4 30. Qa8+ Kg7 31. Bg2 Qg1+ 32. Ke2 Qxg2+ 33. Kd3 Qf3+ 34. Kc4 Qe2# 0-1

[Event "BRA-ch62 sf"]
[Site "Florianopolis"]
[Date "1995.06.??"]
[Round "8"]
[White "Segal, Alexandru Sorin"]
[Black "Agdamus, Jose Luis"]
[Result "1/2-1/2"]
[WhiteElo "2320"]
[BlackElo "2285"]
[PlyCount "20"]
[EventDate "1995.06.02"]
[EventType "swiss"]
[EventRounds "9"]
[EventCountry "BRA"]
[SourceTitle "EXT 2022"]
[Source "ChessBase"]
[SourceDate "2021.10.06"]
[SourceVersion "1"]
[SourceVersionDate "2021.10.06"]
[SourceQuality "1"]

1. e4 c5 2. Nf3 Nc6 3. c4 g6 4. Nc3 Bg7 5. d3 e5 6. Be2 Nge7 7. 0-0 d6 8. Nd5 Nxd5 9. exd5 Nd4 10. Nxd4 exd4 1/2-1/2

[Event "BRA-ch61"]
[Site "Americana"]
[Date "1995.??.??"]
[Round "7"]
[White "Disconzi da Silva, Rodrigo"]
[Black "Agdamus, Jose Luis"]
[Result "1/2-1/2"]
[WhiteElo "2380"]
[BlackElo "2280"]
[PlyCount "35"]
[EventDate "1995.02.??"]
[EventType "tourn"]
[EventRounds "11"]
[EventCountry "BRA"]
[EventCategory "5"]
[SourceTitle "EXT 1997"]
[Source "ChessBase"]
[SourceDate "1996.11.15"]
[SourceVersion "1"]
[SourceVersionDate "1996.11.15"]
[SourceQuality "1"]

1. Nf3 d5 2. b3 Nf6 3. Bb2 Bg4 4. d3 Nbd7 5. Nbd2 e6 6. g3 Be7 7. Bg2 c6 8. 0-0 a5 9. a3 0-0 10. h3 Bh5 11. e4 b5 12. Qe2 c5 13. e5 Ne8 14. g4 Bg6 15. Nh2 Nc7 16. f4 f5 17. Kh1 Rb8 18. c3 1/2-1/2

[Event "BRA-ch62"]
[Site "Brazil"]
[Date "1995.??.??"]
[Round "8"]
[White "Matsuura, Everaldo"]
[Black "Agdamus, Jose Luis"]
[Result "1-0"]
[WhiteElo "2370"]
[BlackElo "2285"]
[PlyCount "89"]
[EventDate "1995.??.??"]
[EventType "tourn"]
[EventRounds "11"]
[EventCountry "BRA"]
[EventCategory "5"]
[SourceTitle "EXT 2001"]
[Source "ChessBase"]
[SourceDate "2000.11.22"]
[SourceVersion "1"]
[SourceVersionDate "2000.11.22"]
[SourceQuality "1"]

1. e4 d6 2. d4 Nf6 3. Nc3 e5 4. Nge2 c6 5. g3 Be7 6. a4 h5 7. h4 Bg4 8. Bg2 exd4 9. Qxd4 Na6 10. f3 Bd7 11. Bf4 d5 12. e5 Ng8 13. Qd2 Nh6 14. Nd4 Nc7 15. 0-0-0 Nf5 16. e6 Bxe6 17. Nxe6 Nxe6 18. Bh3 g6 19. Bxf5 gxf5 20. Qd3 Nxf4 21. gxf4 Qd7 22. Qd4 Rg8 23. Rhg1 Rxg1 24. Rxg1 0-0-0 25. Qxa7 Bxh4 26. a5 Qc7 27. a6 bxa6 28. Qxa6+ Kd7 29. Qa4 Ke7 30. Rh1 Bg3 31. Ne2 h4 32. Kb1 c5 33. Qa3 Qd6 34. Qe3+ Kd7 35. Qd3 Qe6 36. Qb5+ Qc6 37. Qd3 Qe6 38. Nc3 Ke7 39. Qb5 c4 40. Qc5+ Kf6 41. Qd4+ Kg6 42. Qg1 d4 43. Ne4 fxe4 44. Rxh4 Kf5 45. Qxg3 1-0

[Event "BRA-ch61"]
[Site "Americana"]
[Date "1995.??.??"]
[Round "5"]
[White "Milos, Gilberto"]
[Black "Agdamus, Jose Luis"]
[Result "1-0"]
[WhiteElo "2555"]
[BlackElo "2280"]
[PlyCount "135"]
[EventDate "1995.02.??"]
[EventType "tourn"]
[EventRounds "11"]
[EventCountry "BRA"]
[EventCategory "5"]
[SourceTitle "EXT 1997"]
[Source "ChessBase"]
[SourceDate "1996.11.15"]
[SourceVersion "1"]
[SourceVersionDate "1996.11.15"]
[SourceQuality "1"]

1. e4 d6 2. d4 Nf6 3. Nc3 e5 4. Nf3 Nbd7 5. Bc4 Be7 6. 0-0 0-0 7. Re1 c6 8. a4 a5 9. h3 Qc7 10. Ba2 Re8 11. Ng5 Rf8 12. Be3 exd4 13. Bxd4 h6 14. Nf3 Nc5 15. Nh4 Ne6 16. Be3 Nxe4 17. Nxe4 Bxh4 18. Qxd6 Be7 19. Qxc7 Nxc7 20. Bc5 Bxc5 21. Nxc5 b6 22. Re7 Nd5 23. Bxd5 cxd5 24. Nb3 Be6 25. Nd4 Rfe8 26. Rb7 Rab8 27. Rxb8 Rxb8 28. b3 Bd7 29. f3 Kf8 30. Kf2 Re8 31. Rd1 Ke7 32. Ne2 Rc8 33. Rd2 Bf5 34. Nd4 Bd7 35. g4 Kd6 36. Ne2 Kc5 37. Nf4 Bc6 38. c3 Rd8 39. Rd4 Rd7 40. Ke3 Re7+ 41. Kd2 g5 42. Ng2 b5 43. axb5 Bxb5 44. Ne3 Bc6 45. Nf5 Re6 46. b4+ axb4 47. cxb4+ Kb6 48. Rd3 Bb7 49. Re3 Rf6 50. Nd4 Rf4 51. Kc3 Ba6 52. Re5 Bf1 53. Rxd5 Rf6 54. Rf5 Rxf5 55. Nxf5 Bxh3 56. Ne3 Kb5 57. Kb3 Kb6 58. Kc4 f5 59. gxf5 h5 60. Kd5 Bxf5 61. Nxf5 Kb5 62. Ke5 Kxb4 63. Kf6 g4 64. f4 g3 65. Nxg3 h4 66. Nh1 Kc4 67. Kg5 h3 68. Kg4 1-0

[Event "BRA-ch62"]
[Site "Brazil"]
[Date "1995.??.??"]
[Round "2"]
[White "Milos, Gilberto"]
[Black "Agdamus, Jose Luis"]
[Result "1-0"]
[WhiteElo "2560"]
[BlackElo "2285"]
[PlyCount "57"]
[EventDate "1995.??.??"]
[EventType "tourn"]
[EventRounds "11"]
[EventCountry "BRA"]
[EventCategory "5"]
[SourceTitle "EXT 2001"]
[Source "ChessBase"]
[SourceDate "2000.11.22"]
[SourceVersion "1"]
[SourceVersionDate "2000.11.22"]
[SourceQuality "1"]

1. e4 d6 2. d4 Nf6 3. Nc3 e5 4. Nf3 Nbd7 5. Bc4 Be7 6. 0-0 0-0 7. Qe2 exd4 8. Nxd4 Ne5 9. Bb3 c5 10. Nf5 Bxf5 11. exf5 Qd7 12. f4 Nc6 13. g4 Nd4 14. Qg2 Nxb3 15. axb3 Qc6 16. g5 Qxg2+ 17. Kxg2 Nd7 18. Re1 Bd8 19. Rd1 Nb8 20. Rxd6 Nc6 21. Be3 Be7 22. Rd7 b6 23. Nd5 Rfe8 24. Rd1 Rac8 25. f6 Bf8 26. Kf3 Nb4 27. Nc7 Rxe3+ 28. Kxe3 Nxc2+ 29. Kf2 1-0

[Event "BRA-ch sf"]
[Site "Porto Alegre"]
[Date "1994.06.??"]
[Round "5"]
[White "Dos Santos, Haroldo Cunha Jr"]
[Black "Agdamus, Jose Luis"]
[Result "0-1"]
[WhiteElo "2250"]
[BlackElo "2255"]
[PlyCount "64"]
[EventDate "1994.??.??"]
[EventType "swiss"]
[EventRounds "9"]
[EventCountry "BRA"]
[SourceTitle "EXT 2004"]
[Source "ChessBase"]
[SourceDate "2003.11.25"]
[SourceVersion "1"]
[SourceVersionDate "2003.11.25"]
[SourceQuality "1"]

1. d4 d5 2. Nf3 c6 3. Bf4 Bf5 4. e3 Qb6 5. Qc1 Nf6 6. Be2 Nbd7 7. 0-0 e6 8. c4 Be7 9. h3 h6 10. c5 Qd8 11. b4 Ne4 12. a4 g5 13. Bh2 h5 14. Nfd2 g4 15. f3 Nxd2 16. Nxd2 gxh3 17. g4 hxg4 18. fxg4 Bh4 19. Kh1 Qg5 20. Rf4 Qg7 21. Qf1 Bg6 22. Bd3 e5 23. dxe5 Bxd3 24. Qxd3 Nxe5 25. Qd4 0-0 26. g5 Bxg5 27. Rg1 f6 28. Rxf6 Nf7 29. Rxf7 Rxf7 30. Qg4 Bxe3 31. Be5 Qxg4 32. Rxg4+ Kh7 0-1